00690nam a22001817a 45000050016000000100014000160200026000300200026000560350013000820370013000950820010001081000025001182450073001432600056002162700164002723000022004365000050004582010073107407.0 aENG-97499 a9788184350784c700.00 a9788184350784c700.00 aEN-81032 bDBAD/PUB a338.9 aAhluwalia, Hemant S. aGlobalistion and socio-economic development /cby Hemant S Ahluwalia aNew DelhibAdhyayan Publishers & Distributorsc2008 a4378/4B, 105, J.M.D. House, Murari Lal Street, Ansari Road, Darya GanjbNew Delhie110002k011-23263018,01123277156,l01123280028madhyayanpublishers@yahoo.com a263 p.c22cm (Hb) aIncludes bibliographical references and index